<?xml version="1.0" encoding="UTF-8"?><?xml-stylesheet type="text/xsl" href="static/style.xsl"?><OAI-PMH xmlns="http://www.openarchives.org/OAI/2.0/" xmlns:xsi="http://www.w3.org/2001/XMLSchema-instance" xsi:schemaLocation="http://www.openarchives.org/OAI/2.0/ http://www.openarchives.org/OAI/2.0/OAI-PMH.xsd"><responseDate>2026-04-14T05:59:34Z</responseDate><request verb="GetRecord" identifier="oai:www.recercat.cat:2445/218397" metadataPrefix="marc">https://recercat.cat/oai/request</request><GetRecord><record><header><identifier>oai:recercat.cat:2445/218397</identifier><datestamp>2025-12-04T21:47:48Z</datestamp><setSpec>com_2072_1057</setSpec><setSpec>col_2072_478810</setSpec><setSpec>col_2072_478917</setSpec></header><metadata><record xmlns="http://www.loc.gov/MARC21/slim" xmlns:dcterms="http://purl.org/dc/terms/" xmlns:xsi="http://www.w3.org/2001/XMLSchema-instance" xmlns:doc="http://www.lyncode.com/xoai" xsi:schemaLocation="http://www.loc.gov/MARC21/slim http://www.loc.gov/standards/marcxml/schema/MARC21slim.xsd">
   <leader>00925njm 22002777a 4500</leader>
   <datafield ind2=" " ind1=" " tag="042">
      <subfield code="a">dc</subfield>
   </datafield>
   <datafield ind2=" " ind1=" " tag="720">
      <subfield code="a">Tragant Mestres, Elsa</subfield>
      <subfield code="e">author</subfield>
   </datafield>
   <datafield ind2=" " ind1=" " tag="720">
      <subfield code="a">Pinyana Garriga, Àngels</subfield>
      <subfield code="e">author</subfield>
   </datafield>
   <datafield ind2=" " ind1=" " tag="720">
      <subfield code="a">Mackay, Jessica</subfield>
      <subfield code="e">author</subfield>
   </datafield>
   <datafield ind2=" " ind1=" " tag="720">
      <subfield code="a">Andria, María</subfield>
      <subfield code="e">author</subfield>
   </datafield>
   <datafield ind2=" " ind1=" " tag="260">
      <subfield code="c">2025-02-02T10:47:40Z</subfield>
   </datafield>
   <datafield ind2=" " ind1=" " tag="260">
      <subfield code="c">2025-02-02T10:47:40Z</subfield>
   </datafield>
   <datafield ind2=" " ind1=" " tag="260">
      <subfield code="c">2021-01-19</subfield>
   </datafield>
   <datafield ind2=" " ind1=" " tag="260">
      <subfield code="c">2025-02-02T10:47:40Z</subfield>
   </datafield>
   <datafield ind2=" " ind1=" " tag="520">
      <subfield code="a">WhatsApp is a powerful tool for L2 learning because of its capacity to promote interaction between teacher and student, as well as among students. Its use has also been shown to support ubiquitous learning. In an attempt to extend language learning beyond the classroom, this study reports on the use of instant messaging through WhatsApp by a group of EFL learners (n=23) who were regularly sent optional language-learning tasks by their teacher during an intensive summer course. By the end of a five-week-period, a total of 764 messages had been produced, most of them by the students and in the context of the teacher-initiated tasks. The WhatsApp group was also used for informal communication among the students and with the teacher (a total of 289 off-task messages). While students had the chance to practise English outside class time and engage in real communication through the language-learning tasks, off-task communication, which grew over time, saw students engaging in more spontaneous and symmetrical interactions. Negotiation of form and content was scarce, but both on-task and off-task messages turned out to be equally productive in engaging students to use English beyond the walls of the classroom. </subfield>
   </datafield>
   <datafield tag="653" ind2=" " ind1=" ">
      <subfield code="a">Estratègies d'aprenentatge</subfield>
   </datafield>
   <datafield tag="653" ind2=" " ind1=" ">
      <subfield code="a">Adquisició d'una segona llengua</subfield>
   </datafield>
   <datafield tag="653" ind2=" " ind1=" ">
      <subfield code="a">Learning strategies</subfield>
   </datafield>
   <datafield tag="653" ind2=" " ind1=" ">
      <subfield code="a">Second language acquisition</subfield>
   </datafield>
   <datafield ind2="0" ind1="0" tag="245">
      <subfield code="a">Extending language learning beyong the classroom through WhatsApp</subfield>
   </datafield>
</record></metadata></record></GetRecord></OAI-PMH>